• 首页
  • 本馆介绍
  • 公告通知
  • 最新文献
  • 馆藏检索
  • 电子资源
  • 读者导购
  • 参考咨询
  • 我的图书馆
  • 登录
  • 详细信息显示
  • 放入我的书架
  • 预约/预借图书
  • 作者相关作品
  • 分类相关作品
  • 丛书相关作品
  • 出版社相关作品

书目信息

  • 表格格式
  • 工作单格式
  • 卡片格式
题名:
月见草油生产技术
    
 
作者: 康百城 , 王文昌 编著
分册:  
出版信息: 北京   化学工业出版社  2008
页数: 278页
开本: 24cm
丛书名:
单 册:
中图分类: TS225.1
科图分类:
主题词: 植物油脂加工
电子资源:
ISBN: 978-7-122-01839-7
000 01134nam0 2200265 45
001 1032955375
005 20100407095854.45
010    @a978-7-122-01839-7@dCNY42.00
100    @a20100330d2008 em y0chiy0120 ea
101 0  @achi
102    @aCN@b110000
105    @aa z 000yy
106    @ar
200 1  @a月见草油生产技术@AYue Jian Cao You Sheng Chan Ji Shu@dProduction technology of evening primrose oil@f康百城,王文昌编著@FKang Bai Cheng, Wang Wen Chang Bian Zhu@zeng
210    @a北京@c化学工业出版社@d2008
215    @a278页@c图@d24cm
330    @a本书内容涉及从月见草植物种植到制油及精制的全过程,包括月见草种植技术、种籽贮藏技术;月见草油的生理学功能及其在医药、营养保健及护肤化妆品等领域的应用;种籽制油、毛油脱胶、碱炼、脱色、脱臭、脱蜡技术及油脂检测技术;油脂包装贮藏及食品安全管理体系在月见草油生产中的应用等。
510 1  @aProduction technology of evening primrose oil@zeng
606 0  @a植物油脂加工
610 0  @a月见草油
690    @aTS225.1@v4
701  0 @a康百城@AKang Bai Cheng@4编著
701  0 @a王文昌@AWang Wen Chang@4编著
801  0 @aCN@bTANGWEI@c20100407
905    @b0586653-57@dTS225.1@e118@f5
    
    月见草油生产技术=Production technology of evening primrose oil/康百城,王文昌编著.-北京:化学工业出版社,2008
    278页:图;24cm
    
    
    ISBN 978-7-122-01839-7:CNY42.00
    本书内容涉及从月见草植物种植到制油及精制的全过程,包括月见草种植技术、种籽贮藏技术;月见草油的生理学功能及其在医药、营养保健及护肤化妆品等领域的应用;种籽制油、毛油脱胶、碱炼、脱色、脱臭、脱蜡技术及油脂检测技术;油脂包装贮藏及食品安全管理体系在月见草油生产中的应用等。
●
相关链接 在E读中查询图书 在五车中查询图书 在当当中查询图书 在豆瓣中查询图书


正题名:月见草油生产技术     索取号:TS225.1/118         预约/预借

序号 登录号 条形码 馆藏地/架位号 状态 备注
1 0586653   205866534   第二样本阅览室/ [索取号:TS225.1/118] 在馆    
2 0586654   205866543   第三借阅区/ [索取号:TS225.1/118] 在馆    
3 0586655   205866552   第三借阅区/ [索取号:TS225.1/118] 在馆    
4 0586656   205866561   第三借阅区/ [索取号:TS225.1/118] 在馆    
5 0586657   205866570   第三借阅区/ [索取号:TS225.1/118] 在馆    
唐山师范学院图书馆 欢迎您!
大连网信软件有限公司© 版权所有